000 00556nam a2200181Ia 4500
003 IN-BaIIA
008 211028s9999 xx 000 0 eng d
020 _a0-07-099031-X
040 _cIIA Library
080 _a519.21
_bLIP
100 _aLipschutz, Seymour
_96066
245 0 _aSchaum's outline of theory and problems of probability si (Metric) edition
_cSeymour Lipschutz
260 _aSingapore
_bMcGraw-Hill
_c1982
300 _a152p.
650 _aNASA thesaurus
650 _aProbability
_93440
942 _cBK
999 _c9043
_d9043